000 00358 a2200157 4500
001 154339
040 _cEscola São Tomás de Aquino
100 _aBRANCO, Samuel Murgel
240 1 0 _aPantanal Mato - Grossense
_lpor
245 1 0 _aPantanal Mato - Grossense
300 _a64
362 0 _a1997
440 1 _aModerna
697 _aHISTÓRIA
942 _cBK
999 _c154339
_d154339